| 000 | 00444nam a22001817a 4500 | ||
|---|---|---|---|
| 003 | CEME | ||
| 005 | 20210628205938.0 | ||
| 008 | 210209b xxu||||| |||| 00| 0 eng d | ||
| 020 | _a81-7029-013-9 | ||
| 040 | _c. | ||
| 082 | _a005.133 HUN | ||
| 100 |
_aHunter, Bruce.H _977586 |
||
| 245 | _aUnterstanding c | ||
| 260 |
_aNEW DELHI _bBPB PUBLICATIONS |
||
| 300 | _a319P | ||
| 650 |
_aC COMPUTER PROGRAME LANGUAGE _977587 |
||
| 942 |
_cBK _2ddc |
||
| 999 |
_c582842 _d582842 |
||